02126cam a22003854i 4500003000900000005001700009008004100026020001800067035002700085040003300112082002000145100003400165245010400199264005800303300004300361336002100404337002500425338002300450504003700473505099600510526001001506526001001516526001001526526001001536526000801546526000801554526000801562526000801570526000801578526000801586526000801594541001801602630005301620650006701673PE-LiUPU20250731173347.0150706s2009 miu r 000 0 eng d a9780802831262 a(Sirsi) i9780802831262 aPE-LiUPUbspacPE-LiUPUerda04a227.06bC222211 aCampbell, Douglas A.,eautor.14aThe deliverance of God :ban apocalyptic rereading of justification in Paul /cDouglas A. Campbell. 1aGrand Rapids, Mich. :bW.B. Eerdmans Pub. Co.,c2009. a1218 páginas ;c24 centímetros2009 atext2rdacontent aunmediated2rdamedia avolume2rdacarrier aNotas bibliográficas 937-1188.0 aJustification Theory, and Its Implications -- The Heart of the Matter: The justification Theory of Salvation -- Intrinsic Difficulties -- Systematic Difficulties -- The Question of Judaism -- The Question of Conversion -- Beyond Old and New Perspectives -- Some Hermeneutical Clarifications -- The Recognition of a Discourse -- Distortions - The Church-Historical Pedigree -- Dangers-The Modern European Pedigree -- Part Three - The Conventional Reading, and Its Problems -- Feet of Clay -- Wide and Narrow Paths -- A Rhetorical and Apocalyptic Rereading -- Rereading the Frame -- Rereading Romans 1:18-3:20 - Indictment Reconsidered -- Faith and Syntax in 1:16-17 and 3:21-26 -- Atonement and "Justification" in 3:21-26 -- The Deliverance of God, and Its Rhetorical Implications -- Rereading Romans 3:27-4:25 - Our Forefather Reconsidered -- Rereading the Heartland -- Rereading the Rest of Romans -- Rereading the Heartland - Galatians -- Rereading the Heartland - Philippians and Beyond. aSEG42 aSEG41 aSEG40 aSEG39 aP94 aP87 aP86 aP85 aP77 aP76 aP35 g800-253-7521;04aBiblia.pN.T.pEpístolas de PabloxTeología.14aJustificación (Teología cristiana)xEnseñanza bíblica.